Statistiques concernant Les noms d'oiseaux par lettres -E

Cliquez ici pour prendre le quiz!

Statistiques générales

  • Ce quiz a été pris 46 fois
  • Le résultat moyen est 8 sur 34

Statistiques - réponses

Réponse% Correct
Émeu
97%
Épervier
89%
Effraie
87%
Étourneau
87%
Échasse
63%
Eider
61%
Engoulevent
47%
Élanion
42%
Érismature
34%
Éclectus
29%
Émeraude
26%
Ermite
26%
Élénie
24%
Euplecte
24%
Eurylaime
8%
Échenilleur
3%
Éperonnier
3%
Évêque
3%
Échelet
0%
Égothèle
0%
Elminie
0%
Embernagre
0%
Éminie
0%
Énicure
0%
Énode
0%
Epthianure
0%
Érémomèle
0%
Érione
0%
Éroesse
0%
Erpornis
0%
Esclave palmiste
0%
Eulophe
0%
Eupète
0%
Eurocéphale
0%

Distribution des résultats

Percentile par nombre de réponses

% des personnes avec chaque résultat

Votre développement - résultats

Vous n’avez pas pris ce quiz